Statistics for NFL MVPs Quiz

Click here to take the quiz!

General Stats

  • This quiz has been taken 48,975 times
    (3,872 since last reset)
  • The average score is 20 of 49

Answer Stats

Years MVP % Correct
2007, 2010, 2017Tom Brady
98%
2003 (T), 2004, 2008, 2009, 2013Peyton Manning
93%
2018Patrick Mahomes
92%
2019Lamar Jackson
91%
2011, 2014Aaron Rodgers
78%
1989, 1990Joe Montana
75%
2015Cam Newton
69%
1995, 1996, 1997 (T)Brett Favre
67%
2016Matt Ryan
66%
1992, 1994Steve Young
64%
1993Emmitt Smith
63%
2012Adrian Peterson
59%
1997 (T)Barry Sanders
58%
1984Dan Marino
56%
1987John Elway
56%
1957, 1958, 1965Jim Brown
53%
1972Larry Brown
51%
1999, 2001Kurt Warner
49%
1986Lawrence Taylor
47%
2006LaDainian Tomlinson
47%
1978Terry Bradshaw
47%
1977Walter Payton
46%
1962Jim Taylor
45%
1966Bart Starr
45%
1959, 1964, 1967Johnny Unitas
40%
2005Shaun Alexander
35%
2000Marshall Faulk
33%
1973O.J. Simpson
29%
1998Terrell Davis
29%
2003 (T)Steve McNair
25%
2002Rich Gannon
25%
1975Fran Tarkenton
25%
1976Bert Jones
24%
1985Marcus Allen
23%
1991Thurman Thomas
23%
1983Joe Theismann
22%
1974Ken Stabler
20%
1981Ken Anderson
18%
1979Earl Campbell
18%
1988Boomer Esiason
16%
1971Alan Page
15%
1963Y. A. Tittle
12%
1982Mark Moseley
12%
1961Paul Hornung
11%
1968Earl Morrall
10%
1980Brian Sipe
10%
1960Norm Van Brocklin
9%
1969Roman Gabriel
9%
1970John Brodie
8%

Score Distribution

Percentile by Number Answered

Percent of People with Each Score

Your Score History

You have not taken this quiz since the last reset